书目信息 |
| 题名: |
清季蒙古实录
|
|
| 作者: | 邢亦尘 | |
| 分册: | 中 | |
| 出版信息: | 呼和浩特 内蒙古社会科学院 1981 |
|
| 页数: | 561页 | |
| 开本: | 20cm | |
| 丛书名: | ||
| 单 册: | ||
| 中图分类: | Z81 | |
| 科图分类: | ||
| 主题词: | 国家书目 | |
| 电子资源: | ||
| ISBN: | ||
| 000 | 00491nam0 2200181 450 | |
| 001 | 0728815141 | |
| 005 | 20070819080015.14 | |
| 010 | @d¥12.00 | |
| 100 | @a20070819d km y0chiy0120 ea | |
| 101 | 0 | @achi |
| 200 | 1 | @a清季蒙古实录@Aqing ji meng gu shi lu@h中@f邢亦尘@Fxing yi chen |
| 210 | @a呼和浩特@c内蒙古社会科学院@d1981 | |
| 215 | @a561页@d20cm | |
| 606 | 0 | @a国家书目 |
| 690 | @aZ81@v3 | |
| 701 | 0 | @a邢亦尘@Axing yi chen |
| 801 | 0 | @aCN@bPFT@c20070819 |
| 905 | @a213230@dZ81@eZW401:2@f1 | |
| 清季蒙古实录.中/邢亦尘.-呼和浩特:内蒙古社会科学院,1981 |
| 561页;20cm |
| ISBN :¥12.00 |
| ● |
| 相关链接 |
|
|
|
|
正题名:清季蒙古实录
索取号:Z81/ZW401:2
 
预约/预借
| 序号 | 登录号 | 条形码 | 馆藏地/架位号 | 状态 | 备注 |
| 1 | 7613300 | 276133006 | 密集书库-文学院/ [索取号:Z81/ZW401:2] | 在馆 |